书目信息 |
| 题名: |
怎样当施工工长
|
|
| 作者: | 王朝熙 著 | |
| 分册: | ||
| 出版信息: | 北京 中国建筑工业出版社 1984 |
|
| 页数: | 95页 | |
| 开本: | 19cm | |
| 丛书名: | ||
| 单 册: | ||
| 中图分类: | TU71 | |
| 科图分类: | ||
| 主题词: | 建筑工程--施工管理 | |
| 电子资源: | ||
| ISBN: | ||
| 000 | 00647nam0 2200241 45 | |
| 001 | 0184011447 | |
| 005 | 20040514102738.2 | |
| 010 | @dCNY0.35 | |
| 091 | @a15040.4601 | |
| 100 | @a19950629d1984 em y0chiy0121 ea | |
| 101 | 0 | @achi |
| 102 | @aCN@b110000 | |
| 105 | @ay z 000yy | |
| 106 | @ar | |
| 200 | 10 | @a怎样当施工工长@Azen yang dang shi gong gong zhang@f王朝熙著 |
| 210 | @a北京@c中国建筑工业出版社@d1984 | |
| 215 | @a95页@d19cm | |
| 606 | 0 | @a建筑工程@x施工管理 |
| 690 | @aTU71 | |
| 701 | 0 | @a王朝熙@Awang chao xi@4著 |
| 801 | 0 | @aCN@b上海图书馆@c20040514 |
| 801 | 2 | @aCN@bNLC@c20040514 |
| 905 | @f1@b126196@dTU71@e101@b126198@f1 | |
| 怎样当施工工长/王朝熙著.-北京:中国建筑工业出版社,1984 |
| 95页;19cm |
| ISBN :CNY0.35 |
| ● |
| 相关链接 |
|
|
|
|
正题名:怎样当施工工长
索取号:TU71/101
 
预约/预借
| 序号 | 登录号 | 条形码 | 馆藏地/架位号 | 状态 | 备注 |
| 1 | 0126196 | 001485039 | 第三借阅区/ [索取号:TU71/101] | 在馆 | |
| 2 | 0126198 | 001481275 | 密集书库/ [索取号:TU71/101] | 在馆 |